ETIKUM 2023 zbornik radova

Saved in:
Bibliographic Details
Corporate Author: ETIKUM 2023. International Scientific Conference
Format: Book
Language:Serbian
English
Published: Novi Sad University of Novi Sad, Faculty of Technical Sciences, Department of Production Engineering 2023
Edition:1st Edition
Subjects:
Tags: Add Tag
No Tags, Be the first to tag this record!

MARC

LEADER 00000nlm a2200000 4500
001 0297846
005 20240105084559.1
020 |a 978-86-6022-617-6 
041 0 |a srp 
041 0 |a eng 
044 |a RS 
245 1 0 |a ETIKUM 2023  |b zbornik radova 
250 |a 1st Edition 
264 1 |a Novi Sad  |b University of Novi Sad, Faculty of Technical Sciences, Department of Production Engineering  |c 2023 
300 |a 269 s. 
610 2 0 |a metrológia 
610 2 0 |a kontrola kvality 
610 2 0 |a inžinierstvo priemyselné 
610 2 0 |a inžinierstvo environmentálne 
610 2 0 |a prostredie životné 
110 2 |a ETIKUM 2023. International Scientific Conference